La responsabilidad civil: estudios italianos contemporáneos

Kaydedildi:
Detaylı Bibliyografya
Asıl Yazarlar: Alpa, Guido (Yazar), Franzoni, Massimo (Yazar), Castronovo, Carlo (Yazar), Benatti, Francesco (Yazar), Paradiso, Massimo (Yazar), Benatti, Francesca (Yazar), Zaccaria, Alessio (Yazar), Infantino, Marta (Yazar)
Materyal Türü: Kitap
Dil:İspanyolca
Baskı/Yayın Bilgisi: Lima ARA Editores 2015
Santiago Ediciones Olejnik 2015
Edisyon:1a. ed
Konular:
Etiketler: Etiketle
Etiket eklenmemiş, İlk siz ekleyin!

MARC

LEADER 00000cam a2200000 a 4500
001 UCC5172
003 CL-VaPUC
008 180927e20150000pe |||||||||||||||||spa|d
020 |a 9789972238 
082 0 4 |a 346.45  |b ALP  |2 21 
100 0 |a Alpa, Guido  |e author  |9 599439 
700 0 |a Franzoni, Massimo  |e author  |9 599440 
700 0 |a Castronovo, Carlo  |e author  |9 599441 
700 0 |a Benatti, Francesco  |e author  |9 599442 
700 0 |a Paradiso, Massimo  |e author  |9 599443 
700 0 |a Benatti, Francesca  |e author  |9 599444 
700 0 |a Zaccaria, Alessio  |e author  |9 599445 
700 0 |a Infantino, Marta  |e author  |9 599446 
245 1 3 |a La responsabilidad civil: estudios italianos contemporáneos 
250 |a 1a. ed 
300 |a 325 p 
942 |c BK 
945 |d 20180927 22:58:00  |a dcastane 
260 |a Lima  |b ARA Editores  |c 2015 
260 |a Santiago  |b Ediciones Olejnik  |c 2015 
650 0 |a Derecho civil italiano  |9 400952 
650 7 |a HISTORIA DEL DERECHO ITALIANO  |2 CL-VaPUC  |9 599447 
650 0 |a Ordenamiento jurídico   |9 355371 
583 |a last modification  |c 20180927 22:58:00  |k Rodrigo Vera 
999 |c 372445  |d 372443 
952 |0 0  |1 0  |3 erb  |4 0  |6 346_450000000000000_ALP_2015_2015  |7 0  |8 A  |9 490109  |a BIBDER  |b BIBDER  |i 5502829  |o 346.45 ALP 2015 2015  |p 5502829  |r 2023-01-25  |w 2019-11-24  |y BK  |z Catalogado en:20180927  |k DER